|
|
|
|
| LEADER |
00000cam a2200000 i 4500 |
| 001 |
1/77464 |
| 008 |
050526s2002 gr | ||| |||| ||gre|| |
| 035 |
|
|
|l 10078246
|
| 040 |
|
|
|a GR-MyUa
|b gre
|e AACR2
|
| 041 |
0 |
|
|a gre
|
| 082 |
7 |
|
|a 620.82
|2 (21)
|
| 100 |
1 |
|
|a Μαρμαράς, Νίκος.
|
| 245 |
1 |
0 |
|a Εισαγωγή στην εργονομία /
|c Μαρμαράς Νικόλαος.
|
| 260 |
|
|
|a Αθήνα :
|b [χ. ό.],
|c 2002.
|
| 300 |
|
|
|a 1 τ. (ποικίλες σελιδαριθμήσεις) :
|b εικ. ;
|c 31 εκ.
|
| 500 |
|
|
|a Άνω του τίτλου: Εθνικό Μετσόβιο Πολυτεχνείο. Τμήμα Μηχανολόγων Μηχανικών. Τομέας Βιομηχανικής Διοίκησης & Επιχειρησιακής Έρευνας.
|
| 504 |
|
|
|a Περιλαμβάνει βιβλιογραφίες.
|
| 650 |
|
0 |
|a Human engineering.
|
| 852 |
|
|
|a INST
|b SYROS
|e 20050526
|h 620.82 ΜΑΡ
|p 005500005357
|q 005500005357
|t BK
|y 4
|x 20200210
|
| 852 |
|
|
|a INST
|b SYROS
|e 20050526
|h 620.82 ΜΑΡ
|p 005500005358
|q 005500005358
|t BK
|y 4
|x 20200210
|
| 852 |
|
|
|a INST
|b SYROS
|e 20050526
|h 620.82 ΜΑΡ
|p 005500005359
|q 005500005359
|t BK
|y 4
|x 20200210
|
| 852 |
|
|
|a INST
|b SYROS
|e 20050526
|h 620.82 ΜΑΡ
|p 005500005360
|q 005500005360
|t BK
|y 4
|x 20200210
|
| 852 |
|
|
|a INST
|b SYROS
|e 20050526
|h 620.82 ΜΑΡ
|p 005500005361
|q 005500005361
|t BK
|y 0
|
| 901 |
|
|
|a BIBL5-2005-2
|
| 920 |
|
|
|a Ναθαναήλ
|b Δημήτριος
|y Σύρος
|z 2005-05
|
| 970 |
|
|
|a Καγιαβά
|b Ειρήνη
|z 26/05/2005
|